| 000 | 00493nam a22001697a 4500 | ||
|---|---|---|---|
| 005 | 20250811170557.0 | ||
| 008 | 250811b |||||||| |||| 00| 0 eng d | ||
| 020 | _a9780143473077 | ||
| 041 | _aEng | ||
| 082 | _a658.827 HUM | ||
| 100 | _aHumm, Philipp | ||
| 245 | _aThe Story Selling Method: Master The Art of Storytelling to Build Trust Stand Out and Boost Sales | ||
| 260 |
_aHaryana _bPenguin Business _c2025 |
||
| 300 | _a156;. p. 22 cm | ||
| 650 | _aBranding; Marketing | ||
| 942 | _cBK | ||
| 999 |
_c46456 _d46456 |
||